Normal view MARC view
  • Tirzo Gómez, Jorge

Entry Nombre Personal

Number of records used in: 8

001 - NUMERO DE CONTROL

  • campo de control: 41758

003 - IDENTIFICADOR DE NUMERO DE CONTROL

  • campo de control: MX-MxUPN

005 - FECHA Y HORA DE LA ÜLTIMA TRANSACCIÓN

  • campo de control: 20260226091111.0

008 - DATOS DE LONGITUD FIJA

  • campo de control de longitud fija: 260219n| acannaabn | aaa |d

024 7# - OTROS IDENTIFICADORES NORMALIZADOS

  • Número normalizado o código: 91128092
  • Fuente: viaf
  • URI: https://viaf.org/es/viaf/91128092

024 7# - OTROS IDENTIFICADORES NORMALIZADOS

  • Número normalizado o código: 0000000065420744
  • Fuente: isni
  • URI: https://isni.org/isni/0000000065420744

024 7# - OTROS IDENTIFICADORES NORMALIZADOS

  • Número normalizado o código: 0000-0002-1380-4046
  • Fuente: orcid
  • URI: https://orcid.org/0000-0002-1380-4046

024 7# - OTROS IDENTIFICADORES NORMALIZADOS

  • Número normalizado o código: Q136196241
  • Fuente: wikidata
  • URI: https://www.wikidata.org/wiki/Q136196241

035 ## - NUMERO DE CONTROL

  • Número de control: UPN11000013865

040 ## - FUENTE DE CATALOGACIÓN

  • Agencia original de catalogación: MX-MxUPN
  • Lenguaje de catalogación: spa
  • Agencia de transcripción: MX-MxUPN

100 1# - ENCABEZAMIENTO - NOMBRE PERSONAL

  • Nombre personal: Tirzo Gómez, Jorge

371 ## - DIRECCIÓN

  • Electronic mail address: jtirzo@upn.mx

372 ## - CAMPO DE ACTIVIDAD

  • Field of activity: Educación intercultural
  • Field of activity: Educación bilingüe

373 ## - GRUPO ASOCIADO

  • Associated group: Universidad Pedagógica Nacional (México)
  • Fuente del término: naf

374 ## - OCUPACIÓN

  • Occupation: Profesor universitario
  • Occupation: Investigador

377 ## - LENGUA ASOCIADA

  • Language code: spa

670 ## - FUENTE EN LA QUE SE LOCALIZARON DATOS

  • Cita de la fuente: Sitio web UPN, 19 febrero 2026:
  • Información localizada: (Jorge Tirzo Gómez; profesor de tiempo completo en la Universidad Pedagógica Nacional; doctorado en Antropología por la Escuela Nacional de Antropología e Historia; línea de investigación: educación intercultural y bilingüe; e-mail: jtirzo@upn.mx)
  • Uniform Resource Identifier: https://area2.upnvirtual.edu.mx/index.php/cuerpos-academicos/eib/146-dr-jorge-tirzo-gomez

902 ## - CATALOGADOR

  • Catalogador: EMR/011018
  • Catalogador: Víctor Ruiz/190226